| LEADER | 00373cam a2200133 7i4500 | ||
|---|---|---|---|
| 001 | 0000025133 | ||
| 005 | 20101125090000.0 | ||
| 090 | 0 | 0 | |a T 382.7 |b TAR (INDO) |
| 245 | 0 | 0 | |a Tariff under 2010 CEPT package Indonesia. |
| 260 | 0 | 0 | |a [S.l]: |b [s.n], |c 2010. |
| 300 | # | # | |a 407 p. |
| 650 | 0 | 0 | |a Tariff -- |z Indonesia |
| 651 | 0 | 0 | |a Indonesia |
| 999 | |a 0000027777 |b Book |c Tariffs |e Business Information Centre | ||